Central Library OPAC University of Rajshahi

The Hindu-Muslim question / (Record no. 23973)

MARC details
000 -LEADER
fixed length control field 00756nam a2200253 a 4500
001 - CONTROL NUMBER
control field 23973
003 - CONTROL NUMBER IDENTIFIER
rucl marc code BD-RjUL
005 - DATE AND TIME OF LATEST TRANSACTION
control field 20211209001007.0
008 - FIXED-LENGTH DATA ELEMENTS--GENERAL INFORMATION
fixed length control field 190212s1951 ii 000 0 eng
035 ## - SYSTEM CONTROL NUMBER
System control number (BD-RjUL)24038
040 ## - CATALOGING SOURCE
Original cataloging agency DLC
Transcribing agency CLobS
Modifying agency OCoLC
-- DLC
Language of cataloging eng
Description conventions BD-RjUL
041 ## - LANGUAGE CODE
Language code of text/sound track or separate title eng
042 ## - AUTHENTICATION CODE
Authentication code premarc
082 ## - DEWEY DECIMAL CLASSIFICATION NUMBER
Classification number 954
Edition number 23
Author mark and year AGH 1951
100 1# - MAIN ENTRY--PERSONAL NAME
Personal name Agarwalla, Nursingdas,
Dates associated with a name 1905-
9 (RLIN) 229328
245 14 - TITLE STATEMENT
Title The Hindu-Muslim question /
Statement of responsibility, etc. by Nursingdas Agarwalla
260 ## - PUBLICATION, DISTRIBUTION, ETC. (IMPRINT)
Place of publication, distribution, etc. Calcutta:
Name of publisher, distributor, etc. Atulananda Chakrabarti,
Date of publication, distribution, etc. 1951.
300 ## - PHYSICAL DESCRIPTION
Pagination [8], 80 p. ;
Size 19 cm.
650 #0 - SUBJECT ADDED ENTRY--TOPICAL TERM
Topical term or geographic name as entry element Muslims
Geographic subdivision India.
9 (RLIN) 229329
Topical term or geographic name as entry element Hinduism
Geographic subdivision India
9 (RLIN) 229331
651 #0 - SUBJECT ADDED ENTRY--GEOGRAPHIC NAME
Geographic name India
General subdivision Politics and government
Chronological subdivision 1947-
9 (RLIN) 229330
942 ## - ADDED ENTRY ELEMENTS (KOHA)
Source of classification or shelving scheme Dewey Decimal Classification
Koha item type Rare Books
Holdings
Lost status Source of classification or shelving scheme Damaged status Not for loan Collection code Permanent Location Current Location Shelving location Date acquired Total Checkouts Full call number Date last seen Copy number Koha item type
  Dewey Decimal Classification   Not For Loan Rare Books Central Library, University of Rajshahi Central Library, University of Rajshahi Rare Book Section 12/03/2019   RA 954 AGH 1951 12/03/2019 C-1 Rare Books